La regenta

Salvato in:
Dettagli Bibliografici
Autore principale: Alas, Leopoldo (Autore)
Natura: Libro
Lingua:spagnolo
Pubblicazione: Madrid Alianza 1967
Edizione:2a. ed
Serie:El Libro de Bolsillo
Soggetti:
Tags: Aggiungi Tag
Nessun Tag, puoi essere il primo ad aggiungerne!!

MARC

LEADER 00000nam a2200000 a 4500
001 UCQ5678
003 CL-VaPUC
008 981002e19670000SP |||||||||||||||||spa|d
082 0 4 |a 863  |b ALA  |2 21 
100 0 |a Alas, Leopoldo  |e author  |9 348483 
245 1 3 |a La regenta 
250 |a 2a. ed 
300 |a 678 p 
942 |c BK 
945 |d 19981002 00:00:00  |a crobeson 
260 |a Madrid  |b Alianza  |c 1967 
650 0 |a Novelas españolas  |9 265052 
650 0 |a Literatura española  |9 306261 
583 |a last modification  |c 19981002 00:00:00  |k Rodrigo Vera 
490 0 |a El Libro de Bolsillo 
999 |c 275883  |d 275881 
952 |0 0  |1 0  |4 0  |6 863_000000000000000_ALA_1967  |7 0  |8 A  |9 312742  |a BIBEDU  |b BIBEDU  |d 2019-11-20  |i 1475878  |o 863 ALA 1967  |p 1475878  |r 2019-11-20  |w 2019-11-20  |y BK  |k LIT